000 00954nam0a22002891 4500
001 rc\2353062
005 20250623082216.0
035 _a(NLR Aleph) 006682757
090 _a5092643
_c5092643
100 _a20110829d1977 |||y0rusy50 ca
101 0 _arus
102 _aRU
105 _aa z |||||
200 1 _aСоциальные свойства преступности
_eУчеб. пособие
210 _aМосква
_cАкад. МВД СССР
_d1977
215 _a91 с.
_cил.
_d21
300 _aВ надзаг.: Акад. МВД СССР
606 _aПреступность
_2rkp
700 1 _7ca
_8rus
_aКоган
_bВ. М.
_cд-р юрид. наук
_f1945-
_gВиктор Маркович
_9267625
_3RU\NLR\AUTH\770267681
801 0 _aRU
_bNLR
_gpsbo
801 1 _aRU
_bELAR
_2rusmarc
852 _aNLR
_j78-6/875
899 _aRuMoRGB
_jБ 78-27/128
899 _aRuMoRGB
_jБ 78-27/129
942 _cBOOK
980 _aNB